Химия растворов
| Prif Awdur: | |
|---|---|
| Awdur Corfforaethol: | |
| Awduron Eraill: | |
| Crynodeb: | Заглавие с титульного экрана Электронная версия печатной публикации В учебном пособии рассматриваются закономерности процесса образования растворов и их свойства; реакции в растворах; теории кислот и оснований. Изложение теоретического материала сопровождается примерами решения задач и упражнений. В экспериментальном разделе показана возможность комплексного изучения свойств растворов при работе с одним веществом. Предназначено для преподавателей и студентов химических направлений и специальностей технических и классических университетов |
| Iaith: | Rwseg |
| Cyhoeddwyd: |
Томск, Изд-во ТПУ, 2006
|
| Cyfres: | Учебники Томского политехнического университета |
| Pynciau: | |
| Mynediad Ar-lein: | http://www.lib.tpu.ru/fulltext/m/2009/m24.pdf |
| Fformat: | Electronig Llyfr |
| KOHA link: | https://koha.lib.tpu.ru/cgi-bin/koha/opac-detail.pl?biblionumber=173305 |
MARC
| LEADER | 00000nlm0a2200000 4500 | ||
|---|---|---|---|
| 001 | 173305 | ||
| 005 | 20231101223107.0 | ||
| 035 | |a (RuTPU)RU\TPU\book\187965 | ||
| 090 | |a 173305 | ||
| 100 | |a 20091223d2006 m y0rusy50 ca | ||
| 101 | 0 | |a rus | |
| 102 | |a RU | ||
| 105 | |a a j 001zy | ||
| 135 | |a vrcn ---uucaa | ||
| 181 | 0 | |a i | |
| 182 | 0 | |a b | |
| 200 | 1 | |a Химия растворов |b Электронный ресурс |f Н. Ф. Стась, Л. Д. Свинцова |g Томский политехнический университет (ТПУ) | |
| 203 | |a Текст |c электронный | ||
| 210 | |a Томск |c Изд-во ТПУ |d 2006 | ||
| 225 | 1 | |a Учебники Томского политехнического университета | |
| 230 | |a 1 компьютерный файл (pdf; 3248 KB) | ||
| 300 | |a Заглавие с титульного экрана | ||
| 300 | |a Электронная версия печатной публикации | ||
| 330 | |a В учебном пособии рассматриваются закономерности процесса образования растворов и их свойства; реакции в растворах; теории кислот и оснований. Изложение теоретического материала сопровождается примерами решения задач и упражнений. В экспериментальном разделе показана возможность комплексного изучения свойств растворов при работе с одним веществом. Предназначено для преподавателей и студентов химических направлений и специальностей технических и классических университетов | ||
| 337 | |a Adobe Reader | ||
| 452 | 1 | |0 (RuTPU)RU\TPU\book\68843 |t Химия растворов |f Н. Ф. Стась, Л. Д. Свинцова |g Томский политехнический университет |c Томск |n Изд-во ТПУ |d 2006 |p 155 с. |s Учебники Томского политехнического университета |a Стась, Николай Федорович | |
| 606 | 1 | |a Растворы |x Химия |2 stltpush |3 (RuTPU)RU\TPU\subj\23901 |9 48393 | |
| 610 | 1 | |a образование | |
| 610 | 1 | |a растворы | |
| 610 | 1 | |a неэлектролиты | |
| 610 | 1 | |a кислоты | |
| 610 | 1 | |a основания | |
| 610 | 1 | |a ионная теория | |
| 610 | 1 | |a гидролиз | |
| 610 | 1 | |a безопасность | |
| 610 | 1 | |a измерительные приборы | |
| 610 | 1 | |a теория | |
| 610 | 1 | |a лабораторные работы | |
| 610 | 1 | |a учебные пособия | |
| 610 | 1 | |a электролиты | |
| 610 | 1 | |a труды учёных ТПУ | |
| 675 | |a 544.452(075.8) |v 3 | ||
| 700 | 1 | |a Стась |b Н. Ф. |c доцент |c кафедра общей и неорганической химии Томского политехнического университета |g Николай Фёдорович |2 stltpush |3 (RuTPU)RU\TPU\pers\25192 | |
| 701 | 1 | |a Свинцова |b Л. Д. |c химик |c доцент Томского политехнического университета, кандидат химических наук |f 1954- |g Людмила Дмитриевна |2 stltpush |3 (RuTPU)RU\TPU\pers\26878 | |
| 712 | 0 | 2 | |a Томский политехнический университет (ТПУ) |c (1991- ) |2 stltpush |3 (RuTPU)RU\TPU\col\376 |
| 801 | 1 | |a RU |b 63413507 |c 20091223 | |
| 801 | 2 | |a RU |b 63413507 |c 20150416 |g RCR | |
| 856 | 4 | |u http://www.lib.tpu.ru/fulltext/m/2009/m24.pdf | |
| 942 | |c CF | ||